banner-ar

المسرح والعرض والتكنولوجيا : (Record no. 65265)

MARC details
000 -الفاتح
حقل البيانات ثابتة الطول 01134nam a2200277Ia 4500
005 - وقت وتاريخ اخر تعامل مع التسجيلة
رقم الضبط 20240530110815.0
008 - عناصر البيانات ثابتة الطول - معلومات عامة
حقل البيانات ثابتة الطول 140319s2009 au a f b 000 0 ara d
017 ## - رقم الايداع القانونى
رقم الايداع القانونى 2009/21039
المصدر ( الهيئة المختصة) مصر. دار الكتب
020 ## - الرقم الدولى المعيارى للكتب
الرقم الدولى المعيارى للكتاب 9789774796490
040 ## - مصدر الفهرسة
وكالة الفهرسة الأصلية GCL /
وكالة النسخ GCL
082 04 - رقم تصنيف ديوى العشرى
رقم الطبعة 21
رقم التصنيف 792.025 /
رقم المادة ب م
100 1# - المدخل الرئيسى - إسم شخصى
الإسم الشخصى بو ، كريستوفر
245 12 - بيان العنوان
العنوان المسرح والعرض والتكنولوجيا :
بقية العنوان تطور السينوغرافيا فى القرن العشرين /
بيان المسئوليه,etc تأليف كريستوفر بو ؛ ترجمة هبة عجينة ؛ مراجعة نبيل راغب
250 ## - بيان الطبعة
بيان الطبعة ط.1
260 ## - PUBLICATION, DISTRIBUTION, ETC. (IMPRINT)
تاريخ النشر أو التوزيع 2009 .
300 ## - الوصف المادى
التعداد 317 ص. :
تفاصيل ماديه اخرى للوعاء ايض. ؛
أبعاد الوعاء 24 سم.
650 07 - المدخل الاضافى بالموضوع-مصطلح موضوعى
مصطلح موضوعي المسرح
مصدر الرأس أو المصطلح qrmak
650 07 - المدخل الاضافى بالموضوع-مصطلح موضوعى
مصطلح موضوعي السينما
مصدر الرأس أو المصطلح qrmak
650 07 - المدخل الاضافى بالموضوع-مصطلح موضوعى
مصطلح موضوعي التمثيل
مصدر الرأس أو المصطلح qrmak
650 07 - المدخل الاضافى بالموضوع-مصطلح موضوعى
مصطلح موضوعي المسرح
التقسيم الفرعي العام تاريخ ونقد
مصدر الرأس أو المصطلح qrmak
651 ## - المدخل الاضافى بالموضوع - اسم جغرافى
مصدر الرأس أو المصطلح qrmak
700 0# - المدخل الاضافى - اسم شخصى
الإسم الشخصى هبة عجينة
الدور مترجم
700 0# - المدخل الاضافى - اسم شخصى
الإسم الشخصى نبيل راغب
الدور مراجع
942 ## - عناصر المدخل الإضافي( كوها)
مصدر التصنيف او مخطط الترفيف Dewey Decimal Classification
Koha [default] item type كتاب
260 ## - PUBLICATION, DISTRIBUTION, ETC. (IMPRINT)
-- القاهرة :
-- وزارة الثقافة : مهرجان القاهرة الدولى للمسرح التجريبى،
Holdings
حالة التراجع حالة الفقد حالة تلف ليس للاعارة المكان المؤقت الموقع الحالى موقع الترفيف تاريخ الاكتساب اجمالي اﻻعارات رقم الطلب الباركود تاريخ اخر مشاهدة تاريخ تفعيل السعر نوع وعاء كوها
        مكتبة القاهرة الكبرى مكتبة القاهرة الكبرى   06/16/2019   792.025 / ب م 165963 06/16/2019 06/16/2019 كتاب

Powered By

EGPV